Illustrated Classics Little Women/ (Record no. 197798)
[ view plain ]
| 000 -LEADER | |
|---|---|
| fixed length control field | 00410nam a22001337a 4500 |
| 005 - DATE AND TIME OF LATEST TRANSACTION | |
| control field | 20231114160828.0 |
| 022 ## - INTERNATIONAL STANDARD SERIAL NUMBER | |
| Source | Rainboww |
| 245 ## - TITLE STATEMENT | |
| Title | Illustrated Classics Little Women/ |
| Remainder of title | Louisa May Alcott |
| 260 ## - PUBLICATION, DISTRIBUTION, ETC. (IMPRINT) | |
| Place of publication, distribution, etc | Delhi |
| Name of publisher, distributor, etc | Rainbow |
| 270 ## - ADDRESS | |
| Address | F-32, Gali No.12, Jagat Puri, Parwana Road, |
| City | Delhi |
| Postal code | 110051 |
| 300 ## - PHYSICAL DESCRIPTION | |
| Extent | 224p. |
| Dimensions | 21cm(hb) |
| 942 ## - ADDED ENTRY ELEMENTS (KOHA) | |
| Source of classification or shelving scheme | Dewey Decimal Classification |
| Item type | Children Books |
| Classification part | S |
| Call number suffix | ALC |
| Withdrawn status | Lost status | Not for loan | Home library | Current library | Date acquired | Koha item type |
|---|---|---|---|---|---|---|
| Ashok Vihar | Ashok Vihar | 04/09/2023 | Children Books |
